Sapiens Nobilitas Familiari Disceptatione ab Eugene vindicata, Et Honori Illvstrivm, Reverendorvm, Religiorum, Nobilium ac Eruditorum DD. AA. LL. et Philosophiae. Neo- Magistrorum, Dum In Celeberrima Universitate Graecensi Suprema ejusdem Philosophiae Laureâ Promotore R.P. Francisco Winsauer, è Societate Jesu, AA. LL. et Philosophiae Doctore ejusdemque Professore emerito Solenni Ritu Condecorarentur, Ab Illvstrissima, Perillvstri, Nobili et Ingenna Oratoriae facultatis Juventute Graecensi Dedicata. Anno M.DC.LXXII. Die III. Augusti

Bibliographic Details
Main Author: Winsauer, Franz (Author)
Corporate Author: Widmanstetter - dedičia (Graz, Rakúsko) (Printer)
Other Authors: Wolfgangus Jacobus
Format: Book
Language:Latin
PhysicalDescription:A8-C4, 20 listov 15 cm
Subjects:

MARC

LEADER 00000nam a2200000 4500
001 vtls009936496
003 SK-MaSNL
005 20260301083057.0
008 180810s1672 au a f 010 m lat|
015 |a SNBHFA 
040 |a SNKHF  |b slo  |c SNKHF  |e rda 
041 |a lat 
044 |a au  |c AT 
072 7 |a 82-9  |x Literárna kritika, vecná literatúra a rôzne ďalšie žánre  |2 konspekt 
080 |a 82-92  |2 2001 
100 1 |a Winsauer, Franz  |4 aut  |9 409322 
245 1 0 |a Sapiens Nobilitas Familiari Disceptatione ab Eugene vindicata, Et Honori Illvstrivm, Reverendorvm, Religiorum, Nobilium ac Eruditorum DD. AA. LL. et Philosophiae. Neo- Magistrorum, Dum In Celeberrima Universitate Graecensi Suprema ejusdem Philosophiae Laureâ Promotore R.P. Francisco Winsauer, è Societate Jesu, AA. LL. et Philosophiae Doctore ejusdemque Professore emerito Solenni Ritu Condecorarentur, Ab Illvstrissima, Perillvstri, Nobili et Ingenna Oratoriae facultatis Juventute Graecensi Dedicata. Anno M.DC.LXXII. Die III. Augusti 
264 3 |a Graecii,  |b apud Haeredes Widmanstadij  |c Anno MDCLXXII (1672) Die III. Augusti 
300 |a A8-C4, 20 listov  |c 15 cm 
336 |a text  |b txt  |2 rdacontent 
337 |a bez média  |b n  |2 rdamedia 
338 |a zväzok  |b n  |2 rdacarrier 
500 |a Vineta, linky, verzály, kustody 
501 |a Príväzok 8. k: KRIMER, Ferdinand. Philosophia Magnis Tvtelaribvs Xaverio Et Catharinae In Secundum secundi saeculi auspicium Consecrata. ... Graecii : Apud Haeredes Widmanstadij, Anno MDCLXXIV (1674).  |5 SNK SE 6082 
508 |a Dedikácia: Wolfgangus Jacobus; Jodocus Adamus à Gallenberg; Joannes Zacharias à Galkhoven; Girardini, Franciscus Paulus; Wottgo, Joannis Ferdinandus; Joannes Christophorus à Gaisruck; Schrott, Franciscus Sigismundus; Franciscus Carolus à Wundegg; Stadler, Joannes Christophorus; Gelb, Georgius Sigismundus 
546 |a Latinský text  |b Antikva  |b Kurzíva 
650 0 7 |a polemiky  |2 SNKPH  |9 29821 
655 7 |a verše  |2 SNKPH  |9 367303 
655 7 |a promočné tlače  |2 SNKPH  |9 73127 
700 0 |a Wolfgangus Jacobus  |9 409323 
700 0 |a Jodocus Adamus à Gallenberg  |4 hnr  |9 409324 
700 0 |a Joannes Zacharias à Galkhoven  |4 hnr  |9 409325 
700 1 |a Girardini, Franciscus Paulus  |4 hnr  |9 409326 
700 1 |a Wottgo, Joannis Ferdinandus  |4 hnr  |9 409327 
700 0 |a Joannes Christophorus à Gaisruck  |4 hnr  |9 409328 
700 1 |a Schrott, Franciscus Sigismundus  |4 hnr  |9 409329 
700 0 |a Franciscus Carolus à Wundegg  |4 hnr  |9 409330 
700 1 |a Stadler, Joannes Christophorus  |4 hnr  |9 409331 
700 1 |a Gelb, Georgius Sigismundus  |4 hnr  |9 409332 
710 2 |a Widmanstetter - dedičia (Graz, Rakúsko)  |4 prt  |9 409333 
752 |a Rakúsko  |d Graz 
852 |a snk  |p SE 6082/prív.8 
958 |a ONDV 
958 |a DC 
999 |c 659688  |d 661618 
952 |a SNK  |b SNK  |y PREZ  |7 0  |p 17A1485614  |o snkSE 6082/prív.8  |i snkF 615/76  |8 5  |0 0  |1 0  |4 0  |d 2009-08-05  |f 1  |l 0  |r 2026-02-23 18:50:06  |w 2026-02-23